Guía práctica de los reglamentos y disposiciones que regulan el funcionamiento de la Marina Mercante Española / (Record no. 131656)

MARC details
000 -LEADER
campo de control de longitud fija 00564nam a2200157 4500
001 - NÚMERO DE CONTROL
campo de control 131656
003 - IDENTIFICADOR DE NÚMERO DE CONTROL
campo de control ES-MaACL
005 - FECHA Y HORA DE LA ÚLTIMA TRANSACCIÓN
campo de control 20230906194024.0
007 - CAMPO FIJO DE DESCRIPCIÓN FÍSICA--INFORMACIÓN GENERAL
campo de control de longitud fija t|
008 - DATOS DE LONGITUD FIJA--INFORMACIÓN GENERAL
campo de control de longitud fija 070214s1915 sp r ||||1| spa d
100 1# - ENTRADA PRINCIPAL--NOMBRE DE PERSONA
Nombre de persona Rodríguez Jalón, Abelardo.
9 (RLIN) 98586
245 10 - MENCIÓN DEL TÍTULO
Título Guía práctica de los reglamentos y disposiciones que regulan el funcionamiento de la Marina Mercante Española /
Mención de responsabilidad, etc. Abelardo Rodríguez Jalón.
260 ## - PUBLICACIÓN, DISTRIBUCIÓN, ETC.
Lugar de publicación, distribución, etc. Madrid :
Nombre del editor, distribuidor, etc. [s. n.],
Fecha de publicación, distribución, etc. 1915 (
Fabricante Imp. del Ministerio de Marina)
300 ## - DESCRIPCIÓN FÍSICA
Extensión XVIII, 498 p. ;
Dimensiones 27 x 18 cm.
852 ## - LOCALIZACIÓN
Ubicación ES-MaACL
Número de control de estantería F-10174
Holdings
Estatus retirado Estado de pérdida Estado de daño No para préstamo Biblioteca de origen Biblioteca actual Ubicación en estantería Fecha de adquisición Fuente de adquisición Total de préstamos Signatura topográfica completa Código de barras Visto por última vez Precio de reemplazo Tipo de ítem Koha
        Biblioteca del Ateneo de Madrid Biblioteca del Ateneo de Madrid Sala Pecera Planta 2 17/01/2008     F-10174 1137058 23/02/2023 23/02/2023 Libro impreso